Non-linear elastic deformations
I tiakina i:
| Kaituhi matua: | |
|---|---|
| Hōputu: | Pukapuka |
| Reo: | Ingarihi |
| I whakaputaina: |
Nueva York
Dover
1997
|
| Putanga: | 1a. ed |
| Ngā marau: | |
| Ngā Tūtohu: |
Tāpirihia he Tūtohu
Kāore He Tūtohu, Me noho koe te mea tuatahi ki te tūtohu i tēnei pūkete!
|
MARC
| LEADER | 00000nam a2200000 a 4500 | ||
|---|---|---|---|
| 001 | UCL7665 | ||
| 003 | CL-VaPUC | ||
| 008 | 040528e19970000us |||||||||||||||||eng|d | ||
| 020 | |a 0486696480 | ||
| 082 | 0 | 4 | |a 531.382 |b OGD |2 21 |
| 100 | |a Ogden, R. W. |e author |9 485510 | ||
| 245 | 1 | 0 | |a Non-linear elastic deformations |
| 250 | |a 1a. ed | ||
| 300 | |a 532 p | ||
| 942 | |c BK | ||
| 945 | |d 20040528 00:00:00 |a cmena | ||
| 260 | |a Nueva York |b Dover |c 1997 | ||
| 650 | 7 | |a ELASTICIDAD |2 CL-VaPUC |9 266503 | |
| 650 | 0 | |a Física |9 227844 | |
| 650 | 0 | |a Propiedades de los materiales |9 465461 | |
| 650 | 7 | |a DINAMICA DE SOLIDOS |2 CL-VaPUC |9 485511 | |
| 650 | 7 | |a DEFORMACION |2 CL-VaPUC |9 320093 | |
| 583 | |a last modification |c 20150504 04:52:09 |k Rodrigo Vera | ||
| 999 | |c 309294 |d 309292 | ||
| 952 | |0 0 |1 0 |4 0 |6 531_382000000000000_OGD_1997 |7 0 |8 A |9 376704 |a BIBCUR |b BIBCUR |d 2019-11-21 |i 4020529 |l 1 |o 531.382 OGD 1997 |p 4020529 |r 2025-04-22 |s 2023-04-14 |w 2019-11-21 |y BK |k FIS | ||